000
00311nas a22001337a 4500
001
T027600011260-00
008
190830b xxu||||| |||| 00| 0 esp |
040
_a
FEVP
_c
FEVP
245
_a
Revista de Ciencias Sociales.
260
_c
2001
300
_a
356 p.
650
_a
Crecimiento Urbano--Bolivia
942
_c
REV
999
_c
15032
_d
15032